000 02008nam a2200553 i 4500
001 14232
003 KOSZ 005
005 20240405063019.0
008 220811s1968 pl a g 000 0 ger
015 _aPB 1968/9129
035 _a(PL-WaBN)b19809591-48omnis_nlop
035 _ab19809591
035 _a(OCoLC)751309230
035 _a(PL)b0000001980959
040 _aWA N
_cWA N
_dKOSZ 005/RW
045 _bd1945
046 _k1966
080 _a9(438).082
080 _a32(430)
080 _a929-051
100 1 _aPeikert, Paul
_d(1884-1949).
_eAutor
245 1 0 _a"Festung Breslau" in den Berichten eines Pfarrers :
_b22. Januar bis 6. Mai 1945 /
_cherausgegeben von Karol Jonca und Alfred Konieczny.
246 1 _iTytuł oryginału:
_aChronik über die Belagerung Breslaus 1945 und Bericht über die Festungszeit in Breslau von Januar bis Juni 1945
250 _aWydanie 2.
260 _aWrocław :
_b"Ossolineum",
_c1968.
300 _a302, [2] strony, [12] kart tablic :
_bilustracje ;
_c18 cm.
336 _aTekst
_btxt
_2rdacontent
337 _aBez urządzenia pośredniczącego
_bn
_2rdamedia
338 _aWolumin
_bnc
_2rdacarrier
380 _aKsiążki
380 _aLiteratura faktu, eseje, publicystyka
388 1 _a1901-2000
388 1 _a1945-1989
600 1 7 _aPeikert, Paul
_d(1884-1949)
_2DBN
648 7 _a1901-2000
_2DBN
648 7 _a1918-1939
_2DBN
648 7 _a1939-1945
_2DBN
650 7 _aBitwa o Wrocław (1945)
_2DBN
650 7 _aDuchowieństwo katolickie
_2DBN
651 7 _aNiemcy
655 7 _aPamiętniki niemieckie
_2DBN
658 _aHistoria
700 1 _aJonca, Karol
_d(1930-2008)
_eRedakcja
700 1 _aKonieczny, Alfred
_d(1934- )
_eRedakcja
710 2 _aWydawnictwo Ossolineum
_4pbl
856 _uhttp://koha.tu.koszalin.pl/cgi-bin/koha/opac-detail.pl?biblionumber=14232
_yKatalog online BPK
942 _2UKD
_cKS
999 _c14232
_d14232